| 000 | 00558nam a2200229Ia 4500 | ||
|---|---|---|---|
| 003 | OSt | ||
| 005 | 20220924153224.0 | ||
| 006 | a|||||r|||| 00| 0 | ||
| 007 | ta | ||
| 008 | 220923b |||||||| |||| 00| 0 guj d | ||
| 024 | _a347325 | ||
| 037 | _cTextual | ||
| 040 |
_aARTS _cARTS _bguj |
||
| 041 |
_2guj _aguj |
||
| 082 | _aU8.42.N5, 156J8 | ||
| 100 |
_aKalekar _9223652 |
||
| 245 | 0 | _aUgamano deshi Japan | |
| 260 | _c1958 | ||
| 650 | _aGEOGRAPHY | ||
| 942 |
_hU8.42.N5, 156J8 _cTEXL _2CC |
||
| 999 |
_c472809 _d472809 |
||